Normal view
MARC view
- Reid,Walter / Myddelton,D R
Entry Personal Name
001 - CONTROL NUMBER
- control field: 3349
003 - CONTROL NUMBER IDENTIFIER
- control field: JO-AjAnu
005 - DATE AND TIME OF LATEST TRANSACTION
- control field: 20230606070843.0
008 - FIXED-LENGTH DATA ELEMENTS
- fixed length control field: 230606|| aca||aabn | a|a d
040 ## - CATALOGING SOURCE
- Original cataloging agency: JO-AjAnu
- Transcribing agency: JO-AjAnu
100 ## - HEADING--PERSONAL NAME
- Personal name: Reid,Walter / Myddelton,D R
670 ## - SOURCE DATA FOUND
- Source citation: Work cat.: (JO-AjAnu)1750: Reid,Walter / Myddelton,D R, author, The Mraning of Company Accounts